Lea /

Lia vorrebbe tenere sempre sciolti i suoi lunghi capelli rossi ma spesso si sente a disagio: tutti la guardano, ammirano la sua criniera e, senza chiedere il permesso, si fiondano a toccarla! Lia odia quando le persone le toccano i capelli ma dirlo in modo esplicito non è facile: ogni volta che prov...

Descripció completa

Guardat en:
Dades bibliogràfiques
Autor principal: B.-Pilon, Nancy (Autor)
Autor corporatiu: Settenove (casa editrice)
Altres autors: Proietti, Laura (Illustrador), Risari, Guia (Traductor)
Format: Llibre
Idioma:italià
Publicat: Cagli : Settenove, 2023
Col·lecció:Narrativa e graphic novel
Etiquetes: Afegir etiqueta
Sense etiquetes, Sigues el primer a etiquetar aquest registre!

MARC

LEADER 00000nam a22000007i 4500
001 IT\ICCU\TSA\1779126
003 ItRI
005 20260115232208.0
008 230504s2023 it |||||| |||||1|||||c
020 |a 9788898947928 
040 |b ita  |c importazione bologna sebina 
041 7 |a ita  |2 ISO-639-2 
082 |a 843.92  |9 NARRATIVA FRANCESE, 2000-  |2 23 
100 1 |a B.-Pilon, Nancy  |0 IT\ICCU\TSAV\678252  |4 aut 
240 1 0 |a Roselionne.  |3 IT\ICCU\UBO\4711329  |9 B.-Pilon, Nancy 
245 1 0 |a Lea /  |c Nancy B.-Pilon ; illustrazioni di Laura Proietti ; traduzione di Guia Risari. 
260 |a Cagli :  |b Settenove,  |c 2023 
300 |a 90 p. :  |b ill. ;  |c 21 cm 
520 |a Lia vorrebbe tenere sempre sciolti i suoi lunghi capelli rossi ma spesso si sente a disagio: tutti la guardano, ammirano la sua criniera e, senza chiedere il permesso, si fiondano a toccarla! Lia odia quando le persone le toccano i capelli ma dirlo in modo esplicito non è facile: ogni volta che prova a reagire le parole restano bloccate in gola e la rabbia cresce. Il percorso per esprimere il suo malcontento sarà arduo, ma alla fine Lia riuscirà a diventare «Lea», una leonessa in grado di ruggire per proteggere il suo spazio. Un racconto per l'infanzia sul tema del consenso: il diritto a proteggere i propri spazi, l'importanza di chiedere il permesso quando ci si avvicina al corpo di un'altra persona e l'empatia. Età di lettura: da 7 anni. 
700 1 |a Proietti, Laura  |0 IT\ICCU\LUAV\233269  |4 ill 
700 1 |a Risari, Guia  |0 IT\ICCU\MILV\215288  |4 trl 
710 2 |a Settenove (casa editrice)  |0 IT\ICCU\BASV\138923 
830 0 |a Narrativa e graphic novel  |0 IT\ICCU\UFE\0984226 
942 |2 ddc  |c BK  |n 0 
952 |0 0  |1 0  |4 0  |6 R_843_920000000000000_PIL  |7 0  |9 21755  |a BO  |b BO  |d 2026-01-15  |i 20355  |l 0  |o R 843.92 PIL  |p BO20355  |r 2026-01-15 23:22:08  |w 2026-01-15  |x [Sebina 5] [1 v.]  |y BK  |z 1 v. 
999 |c 18588  |d 18588